Регионална библиотека "Любен Каравелов" - Русе

Омъжена за Бутан (Запис номер 199167)

MARC детайли
000 -Лидер
Контролно поле с фиксирана дължина 01502nam a2200385 c 4500
003 - Код на организацията, давaща контролен номер
Контролно поле BLK
005 - Дата и час на последна редакция
Контролно поле 20250723123218.0
008 - Елементи от данни с фиксирана дължина
fixed length control field 180411b bul|||||r ||||||| ||bul||
010 ## - Наследен системен номер
LC control number KNG00208544000
020 ## - Международен стандартен номер на книга ISBN
Международен стандартен номер на книга ISBN 9786197300215
040 ## - Източник на каталожния запис
Идентификатор на билиотеката - собственик на записа BLK
041 ## - Код за език
Код за езика на текст/звукозапис или на отделно заглавие Български
Код за езика КДБФ Български
072 #7 - Код за тематичната категория
Код организация bullib
Код за тематична категория Н83
Текст Чужда художествена литература Н
080 ## - УДК
Текстов определител УДК Американска литература (на САЩ)
УДК код - определител по УДК 821.111(73)
УДК определител -94
УДК - код + определител 821.111(73)-94
100 1# - Редна дума - Автор
Автор Лийминг, Линда
Авторска отговорност първи автор
R(LIN) 88790
139 ## - Редно поле
Редна дума Лийминг, Линда
Авторски знак Лиз - Л 56
245 10 - Сведения за заглавието
Заглавие Омъжена за Бутан
Подзаглавни данни Защо открих себе си в Земята на Дракона
Редно поле (дума) Линда Лийминг; прев. Десислава Сотирова.
257 ## - Страна на издаване
Страна на създаване/издаване Съединени американски щати
260 ## - Област на издателските данни
Място на издаване, разпространение и проч. София
Име на издателя, разпространителя и проч. Вакон
Година на издаване 2017
300 ## - Физическа характеристика
Страници 292 с.
Размери/Мащаб 21 см
380 ## - Жанр
Жанр Худож. лит.
490 ## - СЕРИИ (Колекции)
Име на серия Пътешествия и приключения
9 (RLIN) 207438
500 ## - Общи забележки
Забележка Ориг. загл. Married to Bhutan / Linda Leaming. - Съдържа и за авт. - Речник.
651 #4 - Допълнително описание по предмет - топоним
Географско понятие Бутан
9 (RLIN) 178680
659 ## - Тематичен бюлетин
Тематичен бюлетин Н
700 1# - Други автори (авторска отговорност)
Лично име Сотирова, Десислава
Автороска отговорност (Описва отношението между автора и произведението) прев.
9 (RLIN) 385954
852 ## - Местоположение
Форматна сигнатура Цб 286250
856 4# - Електронен адрес и достъп
Електронен формат pdf - файл
856 4# - Електронен адрес и достъп
Електронен формат pdf - файл
999 ## - СИСТЕМНИ КОНТРОЛНИ НОМЕРА
Koha biblionumber 199167
Koha biblioitemnumber 199167
942 ## - АРТИКУЛИ
Вид на библиотечния материал Книги
Скрит в OPAC Не
Koha issues (borrowed), all copies 65
Периодичен библиозапис Да
944 ## - СЪЗДАВАНЕ И РЕДАКЦИЯ на ЗАПИСА
Създаване/Редакция Създаване
Дата на регистрацията/редакция 26.06.2017
Статус, дата на статуса Цветомила Тодорова
Служител, извършил регистрацията/редакцията 30576
944 ## - СЪЗДАВАНЕ И РЕДАКЦИЯ на ЗАПИСА
Създаване/Редакция Редакция
Дата на регистрацията/редакция 08.11.2017
Статус, дата на статуса ф /
Служител, извършил регистрацията/редакцията Людмила_Стоянова
999 ## - СИСТЕМНИ КОНТРОЛНИ НОМЕРА
Koha biblioitemnumber 199167
999 ## - СИСТЕМНИ КОНТРОЛНИ НОМЕРА
Koha biblioitemnumber 199167
Наличности
Код за отписване Код за изгубен артикул Източник на класификационната схема Код за повреда Коз за рестрикции Код за отдаване Артикулен № Име на библиотеката - собственик Име на библиотеката, в която се намира в момента Статус (Текущо местоположение) Дата на вписване в системата Местоположение - отдел Цена в лева Инвентарен номер Систематично азбучна сигнатура Баркод Номер на екземпляра Цена в евро Служебна бележка Служебен тип на артикула
  Не е изгубен Universal Decimal Classification Не е повреден без рестрикции заемане за дома 346010 Регионална библиотека "Любен Каравелов" Русе Регионална библиотека "Любен Каравелов" Русе Заемна - подръчен фонд 2017-06-26 Заемна - подръчен фонд 13.26 120000812810 П 821-9/Л 56 120000812810 1 6.78 Дост: Pk Вид: Ф N: 847 Дата: 10.06.2017 Дата инв: 02.03.2018 Бележки инв: П2018 Книги
  Не е изгубен Universal Decimal Classification Не е повреден без рестрикции заемане за дома 346011 Регионална библиотека "Любен Каравелов" Русе Регионална библиотека "Любен Каравелов" Русе Заемна - подръчен фонд 2017-10-30 Заемна - подръчен фонд 12.76 120000816599 П 820(73)-9/Л 56 120000816599 2 6.52 Дост: Pk Вид: Ф N: 890 Дата: 26.10.2017 Книги
  Не е изгубен Universal Decimal Classification Не е повреден без рестрикции ползва се в читалня 683510 Регионална библиотека "Любен Каравелов" Русе Регионална библиотека "Любен Каравелов" Русе Хранилище 2018-11-30 Хранилище 17.00   Цб 291463 120000825208   8.69   Книги
  Не е изгубен Universal Decimal Classification Не е повреден   заемане за дома 800653 Регионална библиотека "Любен Каравелов" Русе Регионална библиотека "Любен Каравелов" Русе Заемна - подръчен фонд 2020-09-26 Заемна - подръчен фонд 11.90   821-9/Л 56 Л 120000847448   6.08   Книги
Vip Innovations Ltd, Rousse, Bulgaria 2025